| 000 | 01092nam0a22002531i 4500 | ||
|---|---|---|---|
| 001 | rc\3521018 | ||
| 005 | 20260406115314.0 | ||
| 021 |
_aRU _b[71-26794а] |
||
| 035 | _a(NLR Aleph) 007623451 | ||
| 090 |
_a5945235 _c5945235 |
||
| 100 | _a20130115d1971 |||y0rusy50 ca | ||
| 101 | 0 | _arus | |
| 102 | _aRU | ||
| 105 | _ay d |||a| | ||
| 200 | 1 |
_aЖанровое своеобразие прозы А.П. Чехова _e(Чехов и роман) _eАвтореф. дис. на соискание учен. степени канд. филол. наук _e(640) _fМоск. гос. ун-т им. М.В. Ломоносова |
|
| 210 |
_a[Москва] _d1971 |
||
| 215 | _a27 с. | ||
| 532 | 1 | 0 | _aЖанровое своеобразие прозы Антона Павловича Чехова |
| 700 | 1 |
_aБхатнагар _bЙ.Ч. _f1940- _gЙогеш Чандр |
|
| 702 | 1 |
_4570 _8rus _7ca _aЧехов _bА. П. _cписатель _f1860-1904 _gАнтон Павлович _3RU\NLR\AUTH\77359 _9110414 |
|
| 801 | 0 |
_aRU _bNLR _gpsbo |
|
| 801 | 1 |
_aRU _bELAR _2rusmarc |
|
| 852 |
_aNLR _j72-4/18622 |
||
| 942 | _cBOOK | ||